000 00327nam a2200133Ia 4500
005 20260326235505.0
008 260326s9999||||xx |||||||||||||| ||und||
100 _aGalí, Monserrat
245 0 _aNacimiento del Canal de Panamá /
_cMonserrat Galí
260 _bTimun Mas
300 _a90 p.
650 _aHISTORIA
942 _cBK
999 _c8164
_d8164